MARC details
| 000 -CABECERA |
| campo de control de longitud fija |
01335nam a22002537a 4500 |
| 003 - IDENTIFICADOR DEL NÚMERO DE CONTROL |
| campo de control |
UPN |
| 005 - FECHA Y HORA DE LA ÚLTIMA TRANSACCIÓN |
| campo de control |
20240924064106.0 |
| 008 - ELEMENTOS DE LONGITUD FIJA--INFORMACIÓN GENERAL |
| campo de control de longitud fija |
240125t1973 nju||||| |||| 001 0 spa d |
| 020 ## - NÚMERO INTERNACIONAL NORMALIZADO PARA LIBROS |
| Número Internacional Estándar del Libro |
0131282565 |
| 040 ## - FUENTE DE LA CATALOGACIÓN |
| Centro catalogador/agencia de origen |
MX-MxUPN |
| Lengua de catalogación |
spa |
| 041 ## - CÓDIGO DE IDIOMA |
| Código de lengua del texto/banda sonora o título independiente |
eng |
| 050 ## - SIGNATURA TOPOGRÁFICA DE LA BIBLIOTECA DEL CONGRESO |
| Número de clasificación |
LB1028 |
| Número de documento/Ítem |
C43 1973 |
| 245 00 - MENCIÓN DE TÍTULO |
| Título |
Changing education : |
| Resto del título |
alternatives from educational research |
| 260 ## - PUBLICACIÓN, DISTRIBUCIÓN, ETC. |
| Lugar de publicación, distribución, etc. |
Englewood Cliffs, N.J. : |
| Nombre del editor, distribuidor, etc. |
Prentice-Hall, |
| Fecha de publicación, distribución, etc. |
©1973 |
| 300 ## - DESCRIPCIÓN FÍSICA |
| Extensión |
vii, 184 páginas |
| 504 ## - NOTA DE BIBLIOGRAFÍA, ETC. |
| Nota de bibliografía, etc. |
Incluye índice de nombres e índice de temas. |
| 505 00 - NOTA DE CONTENIDO CON FORMATO PREESTABLECIDO |
| Título |
Facts and Fantasies of Education/ |
| Mención de responsabilidad |
Patrick Suppes-- |
| Título |
Freedom for theory of instruction/ |
| Mención de responsabilidad |
Michael Scriven-- |
| Título |
Ingredients for theory of instruction/ |
| Mención de responsabilidad |
Richard C. Atkinson-- |
| Título |
Individuals and learning: the new aptitudes/ |
| Mención de responsabilidad |
Robert Glaser-- |
| Título |
Children and adolescents: should we teach them or let them learn?/ |
| Mención de responsabilidad |
William D. Rohwer, Jr. |
| Título |
The Instructional Enviroment and the young autonomous learner/ |
| Mención de responsabilidad |
Evan R. Keislar-- |
| Título |
Educating females and males to be alive and well in century twenty-one/ |
| Mención de responsabilidad |
Alberta E. Siegel-- |
| Título |
How do the young become adults/ |
| Mención de responsabilidad |
James S. Colman. |
| 650 #4 - ASIENTO SECUNDARIO DE MATERIA - TERMINO TEMATICO |
| Término de materia o nombre geográfico como elemento de entrada |
Educación |
| Subdivisión general |
Investigación |
| 9 (RLIN) |
4070 |
| 650 #4 - ASIENTO SECUNDARIO DE MATERIA - TERMINO TEMATICO |
| Término de materia o nombre geográfico como elemento de entrada |
Enseñanza |
| 9 (RLIN) |
6215 |
| 700 1# - ASIENTO SECUNDARIO--NOMBRE DE PERSONAL |
| 9 (RLIN) |
50989 |
| Nombre de persona |
Wittrock, M. C. |
| Fechas asociadas al nombre |
1931-2007 |
| Forma completa/desarrollada del nombre |
(Merlin C.) |
| Término indicativo de función/relación |
edición |
| 902 ## - ELEMENTOS DE DATOS B LOCAL, LDB (RLIN) |
| Creó |
GCH250124 |
| Modificó |
MaríaRobles/090224 |
| 942 ## - ELEMENTOS DE PUNTO DE ACCESO ADICIONAL (KOHA) |
| Fuente del sistema de clasificación o colocación |
Library of Congress Classification |
| Tipo de ítem Koha |
Libro |
| Suprimir en OPAC |
No |